000
00220 a2200097 4500
001
27312
100
_a
Yearsley, R.B
245
_a
Handbook of graphic management
260
_a
_b
Gower press
_c
1973
090
_c
18137
_d
18137
942
_a
NUST-CAE
_c
M
_c
9044
999
_c
262385
_d
262385